00563nam a22001817a 450000500170000001000150001702000270003203500140005903700130007308200100008610000170009624500790011326000400019227000440023230000300027650000500030670000250035620161206122959.0 aENG-116751 a9788184845570c1280.00 aEN-100283 bDBAD/PUB a658.3 aSharma, K.C. aManagement of human resources / cby K.G.Sharma [and] Kiyanoush Ghalavand aNew DelhibRegal Publicationsc2016 aF-159 Rajouri GardenbNew Delhie110027 axx,292p. :c23cm(Hb)bill aIncludes bibliographical references and index a Ghalavand,Kiyanoush